Konštrukčné riešenia a materiály kotúčových bŕzd osobných automobilov

Saved in:
Bibliographic Details
Main Author: Vaterka, Martin (Author)
Other Authors: Neuschl, Tomáš (Thesis advisor)
Format: Manuscript Book
Language:Slovak
Published: 2015
Subjects:
Online Access:http://is.stuba.sk/zp/portal_zp.pl?podrobnosti=100224
Tags: Add Tag
No Tags, Be the first to tag this record!

MARC

LEADER 00000ntm a22000003a 4500
001 stuzp52726
003 SK-STU
005 20160719154247.9
007 ta
008 150427s2015----xo-----f-mn---000-0-slo-d
040 |a STU  |b slo 
041 0 |a slo 
100 1 |a Vaterka, Martin  |u 020030  |4 aut  |U SjF Strojnícka fakulta  |T SjF Ústav dopravnej techniky a konštruovania  |X 56640  |U J0030  |Y 806  |7 56640 
242 0 1 |a Construction design and materials of disc brakes for passenger cars  |y eng 
245 1 0 |a Konštrukčné riešenia a materiály kotúčových bŕzd osobných automobilov 
260 |c 2015 
650 4 |a brzdový systém  |2 slo 
650 4 |a brzdový kotúč  |2 slo 
650 4 |a vädnutie bŕzd  |2 slo 
650 4 |a trenie  |2 slo 
650 4 |a strmeň  |2 slo 
650 4 |a kotúčova brzda  |2 slo 
650 4 |a brake system  |2 eng 
650 4 |a disc brake  |2 eng 
650 4 |a disc brake rotor  |2 eng 
650 4 |a brake fade  |2 eng 
650 4 |a caliper  |2 eng 
650 4 |a friction  |2 eng 
700 1 |a Neuschl, Tomáš  |4 ths  |X 4266  |7 A000004266 
856 4 |u http://is.stuba.sk/zp/portal_zp.pl?podrobnosti=100224 
996 |b 284J044174  |c J* 2464/BP  |l JJSK  |s A  |a 24  |w stuzp52726_0001 
SQL |a stuzp52726  |b DBP  |c SLO  |d Konštrukčné riešenia a materiály kotúčových bŕzd osobných automobilov  |e 56640  |f Vaterka, Martin  |g 020030  |h 4266  |i Neuschl, Tomáš  |j 20150616  |k 43  |l 02  |m http://is.stuba.sk/zp/portal_zp.pl?podrobnosti=100224  |n B-ALSM  |o 5.2.4. motorové vozidlá, koľajové vozidlá, lode a lietadlá